Family and social network : Roles, norms, and external relationships in ordinary urban families
Gorde:
| Egile nagusia: | |
|---|---|
| Formatua: | Liburua |
| Hizkuntza: | Undetermined |
| Argitaratua: |
London
Tavistock Publications Limited
1957
|
| Gaiak: | |
| Etiketak: |
Etiketa erantsi
Etiketarik gabe, Izan zaitez lehena erregistro honi etiketa jartzen!
|
| Thư viện lưu trữ: | Trung tâm Học liệu Trường Đại học Cần Thơ |
|---|
| LEADER | 00558nam a2200193Ia 4500 | ||
|---|---|---|---|
| 001 | CTU_89483 | ||
| 008 | 210402s9999 xx 000 0 und d | ||
| 082 | |a 301.42 | ||
| 082 | |b B751 | ||
| 100 | |a Bott, Elizabeth | ||
| 245 | 0 | |a Family and social network : | |
| 245 | 0 | |b Roles, norms, and external relationships in ordinary urban families | |
| 245 | 0 | |c Elizabeth Bott | |
| 260 | |a London | ||
| 260 | |b Tavistock Publications Limited | ||
| 260 | |c 1957 | ||
| 650 | |a Family | ||
| 904 | |i Mai Loan | ||
| 980 | |a Trung tâm Học liệu Trường Đại học Cần Thơ | ||